000 00468nam a2200157Ia 4500
005 20250508154143.0
008 008 250505s9999 xx 000 0 eng d
037 _aBooks to be hide in OPAC
040 _aFEDL
_beng
_cFEDL
041 _aeng
_2eng
084 _a016.0014, AFR/O
_qFEDL
245 0 _aRegister of current research in the humanities in South Africa 1963
300 _a128p.
942 _cHB
_h016.0014, AFR/O
999 _c1348048
_d1348048